| 000 | 00435nam a2200205Ia 4500 | ||
|---|---|---|---|
| 001 | 13676 | ||
| 003 | GE_BSU | ||
| 008 | 181216s||||||||xx |||||||||||||| ||und|| | ||
| 020 | _a0751525774 | ||
| 040 | _cGE_BSU | ||
| 080 | _a821.111-3 | ||
| 100 | _aSmith,Carol. | ||
| 245 | _aFamily reunion. | ||
| 260 | _aLondon. | ||
| 260 | _bWarner Books. | ||
| 260 | _c1999 | ||
| 300 | _a401p;18cm. | ||
| 653 | _aFamily reunion. | ||
| 942 | _cBK | ||
| 999 |
_c46825 _d46825 |
||